| 000 | 00938nam a22002777a 4500 | ||
|---|---|---|---|
| 999 |
_c6651 _d6651 |
||
| 003 | AR-CdUCM | ||
| 008 | 190318b ||||| |||| 00| 0 spa d | ||
| 020 | _a84-205-2656-7 | ||
| 020 | _a0-582-44224-9 | ||
| 040 |
_aMUNICIPALIDAD PROVINCIAL DEL CUSCO _cBIBLIOTECA MUNICIPAL DEL CUSCO |
||
| 041 | _heng | ||
| 082 |
_a541 / _bSM61 |
||
| 100 |
_aSmith, I _918707 |
||
| 245 |
_aCromatografĂa sobre papel y capa fina : _bElectroforesis / |
||
| 260 |
_aMadrid : _bAlhambra, _c1979. |
||
| 300 |
_a258 paginas ; _bLaminas, garficos. ilustraciones, tablas, _c20cm. |
||
| 440 |
_aExedra ciencia tecnica Ingenieria _n128 _918708 |
||
| 500 | _aCiencia Tecnica ingenieria | ||
| 505 | _aContenido: Cromatografia -- Cromatografia en papel -- Experiencias en cromatografia | ||
| 650 |
_aQuimica _94512 |
||
| 650 |
_aCromatografia _918709 |
||
| 650 |
_aproblemas _99246 |
||
| 700 |
_aFeinberg, J.G _918710 |
||
| 942 |
_2ddc _cLIBROS |
||
| 945 | _apjha | ||